Southville International School and Colleges
Your cart is empty.
  • Cart
  • Lists
    Public lists Eva Luna New books Lux_list list_1
    Your lists Log in to create your own lists
  • Log in to your account
  • Your cookies
  • Search history
Southville International School and Colleges
  • Advanced search
  • Recent comments
  • Most popular
  • Libraries

Log in to your account

Log in with GOOGLE


If you do not have an external account, but do have a local account, you can still log in:

  1. Home
  2. MARC view: Long way down /
Normal view MARC view ISBD view

Long way down / (Record no. 368597)

[ view plain ]
MARC details
000 -LEADER
fixed length control field 00668nam a22002177a 4500
003 - CONTROL NUMBER IDENTIFIER
control field 0
005 - DATE AND TIME OF LATEST TRANSACTION
control field 20251111160623.0
008 - FIXED-LENGTH DATA ELEMENTS--GENERAL INFORMATION
fixed length control field 251111b xxu||||| |||| 00| 0 eng d
020 ## - INTERNATIONAL STANDARD BOOK NUMBER
International Standard Book Number 978-0-7515-3895-3
050 ## - LIBRARY OF CONGRESS CALL NUMBER
Classification number GV 1051.M6
Item number .M34 2008
100 ## - MAIN ENTRY--PERSONAL NAME
Personal name McGregor, Ewan,
Relator term author.
245 ## - TITLE STATEMENT
Title Long way down /
Statement of responsibility, etc Ewan McGregor and Charley Boorman with Jeff Gulvin.
260 ## - PUBLICATION, DISTRIBUTION, ETC. (IMPRINT)
Place of publication, distribution, etc London :
Name of publisher, distributor, etc Sphere,
Date of publication, distribution, etc 2008.
650 ## - SUBJECT ADDED ENTRY--TOPICAL TERM
Topical term or geographic name as entry element Motorcycles
General subdivision Biography
650 ## - SUBJECT ADDED ENTRY--TOPICAL TERM
Topical term or geographic name as entry element Adventure travel
Geographic subdivision Europe.
650 ## - SUBJECT ADDED ENTRY--TOPICAL TERM
Topical term or geographic name as entry element Travel diaries.
650 ## - SUBJECT ADDED ENTRY--TOPICAL TERM
Topical term or geographic name as entry element Motorcycles
General subdivision Travel
Geographic subdivision Europe
Form subdivision Nonfiction.
700 ## - ADDED ENTRY--PERSONAL NAME
Personal name Boorman, Charley,
Relator term author.
700 ## - ADDED ENTRY--PERSONAL NAME
Personal name Gulvin, Jeff,
Relator term author.
942 ## - ADDED ENTRY ELEMENTS (KOHA)
Source of classification or shelving scheme Library of Congress Classification
Koha item type Books
Holdings
Withdrawn status Lost status Source of classification or shelving scheme Damaged status Home library Current library Shelving location Date acquired Source of acquisition Sub Shelving location Total Checkouts Full call number Barcode Date last seen Price effective from Koha item type
    Library of Congress Classification   College Library College Library General Circulation Section 08/01/2024 Donation     GV 1051.M6 .M34 2008 C25646 11/11/2025 11/11/2025 Books

Long way down /

APA

McGregor E., Boorman C. & Gulvin J. (2008). Long way down. London: Sphere.

Chicago

McGregor Ewan, Boorman Charley and Gulvin Jeff. 2008. Long way down. London: Sphere.

Harvard

McGregor E., Boorman C. and Gulvin J. (2008). Long way down. London: Sphere.

MLA

McGregor Ewan, Boorman Charley and Gulvin Jeff. Long way down. London: Sphere. 2008.

  • Place hold
  • Print
  • Cite
  • Add to your cart (remove)
  • Save record
    BIBTEX Dublin Core MARCXML MARC (non-Unicode/MARC-8) MARC (Unicode/UTF-8) MARC (Unicode/UTF-8, Standard) MODS (XML) RIS
  • More searches
    Search for this title in:
    Other Libraries (WorldCat) Other Databases (Google Scholar) Online Stores (Bookfinder.com) Open Library (openlibrary.org)

Exporting to Dublin Core...

SOUTHVILLE LIBRARY

Southville International School and Colleges Library

1281 Tropical Ave. Cor. Luxembourg St., BF Homes International, Las Pinas City

Tel. No. 8256374 / 252358 Loc. 117/146

Powered by Koha